00729nam a2200169 a 4500003000200000005001700002008004100019050003000060100002300090245014600113260009000259300004000349650004000389650003700429650004800466650004500514020250618105843.0021125s19uu xx 00 eng d aPHS LB 1027.23b.M33 2000 aMadamba, Miriam P. aPerception of high school students, sy 1999-2000 on the effects of the teachers' projection on the learning of students /cMiriam P. Madamba. aLas Piñas City, Philippines :bSouthville International School and Colleges,c2000. a30 pages :billustrations ;c28 cm. aTeacher effectivenesszPhilippines. aTeachingxPsychological aspects. aTeacher-student relationshipszPhilippines. aCommunication in educationzPhilippines.